| 000 | 00862cam a2200181 i 4500 | ||
|---|---|---|---|
| 005 | 20251111122037.0 | ||
| 008 | 250721s1989 le gr 001 0 ara d | ||
| 082 | 1 | 4 |
_a213 _bس ي و |
| 100 | 1 |
_aالسيوطي، جلال الدين عبد الرحمن بن أبي بكر _d [ 849 - 911 ] ه، _eمؤلف. |
|
| 245 | 1 | 0 |
_aتدريب الراوي في شرح تقريب النواوي / _cلخاتمه الحافظ جلال الدين عبد الرحمن بن أبي بكر السيوطي ؛ حققه و راجع أصوله عبد الوهاب عبد اللطيف. |
| 250 | _aالطبعة الثالثة. | ||
| 264 | 1 |
_aبيروت : _bدار الكتب العلميه، _c1989. |
|
| 300 | _a2 جزء. | ||
| 650 | 1 | 7 | _aالحديث النبوي. |
| 700 | 1 |
_aعبد اللطيف، عبد الوهاب _eمحقق. |
|
| 942 |
_2ddc _cREF |
||
| 999 |
_c26492 _d26492 |
||